Obras [de Pablo Rudomín] : obra científica : control central de la transmisión de información sensorial : organización funcional /

Uloženo v:
Podrobná bibliografie
Hlavní autor: Rudomín, Pablo (autor)
Médium: Kniha
Jazyk:angličtina
Vydáno: México : El Colegio Nacional, 1995, c1995
Témata:
Tagy: Přidat tag
Žádné tagy, Buďte první, kdo vytvoří štítek k tomuto záznamu!

MARC

LEADER 00000nam^a2200000^a^4500
001 000102223
005 20250521000000.0
009 20260310093304.96
020 |a 970-640-011-7 
037 |a Acervo ITESO - Biblioteca 
041 |a ING 
082 |a 868.  |b OBR RUD V. 2 
100 |a Rudomín, Pablo  |e (autor) 
240 1 1 |a [Obras de El Colegio Nacional] 
245 1 0 |a Obras [de Pablo Rudomín] :  |b obra científica : control central de la transmisión de información sensorial : organización funcional /  |c P. Rudomín. 
264 4 |a México :  |b El Colegio Nacional,  |c 1995, c1995 
300 |a 366 p. 
336 |a texto  |b txt  |2 rdacontenido 
337 |a sin mediación  |b n  |2 rdamedio 
338 |a volumen  |b nc  |2 rdasoporte 
649 |a XX 
650 |a Ensayos Mexicanos 
650 |a Ciencia -  |x Difusión 
650 |a Literatura Científica, Profesional y Académica -  |z México 
650 |a Nervios 
650 |a Sistema Nervioso 
650 |a Neurofisiología 
650 |a Neurología 
650 |a Fisiología 
650 |a Medicina 
910 |a Fondo General 
920 |a Impresos - Libros 
930 |a Colección General 
940 |a Literatura 
905 |a 101 
901 |a 0500037570  |b IT1  |c LIT  |u 20250521 
902 |a https://opac.biblio.iteso.mx/vufind/Record/000102223